Políticas y estrategias de salud 75-79

Síntesis de una serie de conclusiones derivadas del análisis de la situación de salud en Guatemala. Destaca los elementos de básicos para la formulación de una política de salud acorde con la realidad nacional con la necesidad de utilización racional de los recursos del Estado y compatible con los p...

Descrizione completa

Salvato in:
Dettagli Bibliografici
Ente Autore: Guatemala. Ministerio de Salud Pública y Asistencia Social
Natura: testo
Pubblicazione: Guatemala: s.e.
Soggetti:
Tags: Aggiungi Tag
Nessun Tag, puoi essere il primo ad aggiungerne!!

MARC

LEADER 00000 a a2200000 04500
001 20054
003
040 |a CRAI/IIS  |c CRAI/IIS 
090 |a 082200  
110 |a Guatemala. Ministerio de Salud Pública y Asistencia Social  
245 |a Políticas y estrategias de salud 75-79  
260 |a Guatemala:   |b s.e.  
300 |a 79 p.  
520 |a Síntesis de una serie de conclusiones derivadas del análisis de la situación de salud en Guatemala. Destaca los elementos de básicos para la formulación de una política de salud acorde con la realidad nacional con la necesidad de utilización racional de los recursos del Estado y compatible con los planes de desarrollo económico y social para el quinquenio 1975-1979 /ACM  
650 |a GUATEMALA  
650 |a SALUD PUBLICA  
650 |a PLANIFICACION DE LA SALUD  
999 |c 14408  |d 14408